Angel, Devil, God, or Monster? Quiz Stats

 Plays Quiz Updated May 28, 2019

Score 0/40 Timer 05:00
2 Plays Today
Question Answer Wrong Answers
Loch Ness ______
Cryptid said to be in Scotland
Monster
90%
Angel
0.5%
Devil
0.5%
God
0.3%
Cookie _____
Sesame Street character
Monster
90%
Angel
0.5%
Devil
0.5%
God
0.2%
_____ Save the Queen
Phrase associated with the Royal Family
God
89.7%
Angel
0.9%
Devil
0.4%
Monster
0.2%
The _____ Wears Prada
Lauren Weisberger novel and Meryl Streep-Anne Hathaway film
Devil
89.6%
Angel
0.9%
God
0.5%
Monster
0.4%
Touched by a(n) _____
1994-2003 Roma Downey supernatural drama
Angel
89.3%
Devil
0.8%
God
0.6%
Monster
0.4%
_____ Only Knows
Beach Boys anthem
God
88.3%
Angel
0.7%
Devil
1.9%
Monster
0.2%
Act of _____
Natural hazard out of human control
God
87.9%
Angel
0.7%
Devil
1.8%
Monster
0.6%
The _____ Advocate
One who argued against canonization, or a Pacino-Reeves supernatural film
Devil's
87.8%
Angel's
1.8%
God's
1%
Monster's
0.5%
_____ Energy
Popular energy drink brand
Monster
87.6%
Angel
1.3%
Devil
1.8%
God
0.6%
_____ Mash
Boris Pickett hit single
Monster
87%
Angel
1.3%
Devil
2%
God
0.8%
The _____ Went Down to Georgia
Charlie Daniels Band song
Devil
86.7%
Angel
2.2%
God
1.1%
Monster
0.9%
Sympathy for the _____
Iconic Rolling Stones song
Devil
86.3%
Angel
2%
God
1%
Monster
1.8%
_____ of War
PlayStation video game series
God
83.4%
Angel
4.5%
Devil
1.2%
Monster
1.9%
Los Angeles _____
Major League Baseball franchise
Angels
83%
Devils
7.3%
Gods
0.4%
Monsters
0.6%
_____ Dust
Nickname for PCP
Angel
80.6%
Devil
7.6%
God
0.9%
Monster
2%
Criss _____
American street magician, 'Mindfreak'
Angel
80.5%
Devil
4.4%
God
2%
Monster
4.1%
New Jersey _____
Three time Stanley Cup champions
Devils
80.2%
Angels
8.4%
Gods
0.8%
Monsters
1.5%
Between the _____ and the Deep Blue Sea
An idiom equivalent to 'a dilemma'
Devil
79.8%
Angel
2.1%
God
3.5%
Monster
5.3%
_____ in the Outfield
Supernatural baseball movie
Angels
78.2%
Devils
5.8%
Gods
2.8%
Monsters
4.1%
_____ Island
French Guiana prison island
Devil's
77.9%
Angel's
6%
God's
1.9%
Monster's
5.2%
Green-Eyed _____
Jealousy, metaphorically
Monster
77.3%
Angel
1.9%
Devil
11.4%
God
0.5%
The _____ Must Be Crazy
1980 South African comedy
Gods
76.9%
Angels
6.3%
Devils
5.6%
Monsters
2%
Gila _____
Lizard native to the Southwest US and Mexico
Monster
76.8%
Angel
2.9%
Devil
9.6%
God
1.5%
_____ Falls
World's tallest uninterrupted waterfall, in Venezuela
Angel
76.4%
Devil
11%
God
1.1%
Monster
2.5%
The _____ Particle
Nickname for the Higgs boson
God
73.3%
Angel
6.2%
Devil
5.8%
Monster
5.6%
Duke Blue _____
Sports teams for the NCAA
Devils
73.2%
Angels
13%
Gods
1.4%
Monsters
3.2%
The Fame _____
Re-release of Lady Gaga's first album with additional songs
Monster
69.2%
Angel
8.5%
Devil
5.5%
God
7.7%
_____ of the Morning
Major hit for Juice Newton
Angel
69.2%
Devil
5.3%
God
7.6%
Monster
8.7%
Flying Spaghetti _____
Central deity of the satirical religion Pastafarianism
Monster
67.4%
Angel
6.2%
Devil
4.6%
God
12.7%
_____ Tower
Wyoming butte
Devils
66.7%
Angels
11.7%
Gods
9.9%
Monsters
2.4%
The _____ of Small Things
Arundhati Roy novel
God
65.9%
Angel
7.9%
Devil
12.6%
Monster
4.1%
Weeping _____
Predatory villain from Doctor Who
Angel
65.5%
Devil
13.7%
God
2.2%
Monster
9.3%
Money _____
2016 Clooney-Roberts thriller
Monster
64%
Angel
4.4%
Devil
6.8%
God
15.4%
_____ Hunter
Japanese fantasy video game series
Monster
63%
Angel
6.3%
Devil
18.7%
God
2.9%
_____ of the North
Statue in northern England
Angel
62.5%
Devil
5.3%
God
19%
Monster
3.9%
The _____ in the White City
Historical non-fiction book by Erik Larson
Devil
59.7%
Angel
20.1%
God
3.1%
Monster
7.7%
_____ in America
Tony Kushner two-part play
Angels
58.1%
Devils
7.4%
Gods
13%
Monsters
12.1%
Rap _____
Eminem hit song known for its extremely quick rapping
God
57.2%
Angel
4.1%
Devil
8.3%
Monster
21.6%
American _____
Neil Gaiman novel or its TV adaptation
Gods
56%
Angels
15.1%
Devils
6%
Monsters
13.6%
_____ of Carnage
French Tony-winning play from 2006
God
48.6%
Angel
22%
Devil
10.5%
Monster
9.5%

You're not logged in!

Compare scores with friends on all Sporcle quizzes.
OR
Log In

Sporcle TV

Today on Sporcle TV


Watch our educational content, quiz creation guides, and fun videos on Sporcle TV.

Show Comments

Extras

Top Quizzes Today


Score Distribution

Your Account Isn't Verified!

In order to create a playlist on Sporcle, you need to verify the email address you used during registration. Go to your Sporcle Settings to finish the process.

Report this User

Report this user for behavior that violates our Community Guidelines.

Details: